000 00591nam a22001817a 4500
005 20251126181005.0
008 251120b |||||||| |||| 00| 0 eng d
020 _a978-93-88022-71-2
041 _aeng
082 _a615.704 SIV-T
100 _aSIVANANDY, DR. PALANISAMY AND ARUNACHALAM, MRS. SUMATHY
_98752
245 _aA TEXTBOOK ON ASSESMENT MONITORING , DOCOUMENTATION AND REPORTING OF ADVERSE DRUG REACTIONS
250 _aRE. PRINT ED. 2025
260 _aNEW DELHI
_bINNOVATIVE PUBLICATION PVT LTD
_c2025
300 _a136;P
650 _aPHARMACY
_xB.PHARMA
942 _cBK
999 _c8924
_d8922